| 000 | 00561nam a2200193 a 4500 | ||
|---|---|---|---|
| 005 | 20140311163011.0 | ||
| 008 | 021107s19uu xx 00 eng d | ||
| 020 | _a9710856073 | ||
| 050 |
_aHD 62.7 _b.D615 2005 |
||
| 100 | _aDitablan, Eustaquio | ||
| 245 |
_aFeasibility study handbook / _cEustaquio Ditablan. |
||
| 260 |
_c2005. _aMandaluyong City : _bNational Book Store, |
||
| 300 |
_a105 p. : _bill. ; _c22 cm. |
||
| 521 | _aBSBA | ||
| 650 |
_aBusiness planning _xManuals, exercises etc. |
||
| 942 |
_cBK _2lcc _kLOC |
||
| 999 |
_c39372 _d39372 |
||